| 000 | 003480000a22001090004500 | ||
|---|---|---|---|
| 090 |
_aAS _bSeriadas |
||
| 245 | 1 | 0 | _aEstudio de la comunidad de arañas del bosque seco tropical de la estación biológica "El Vínculo" |
| 041 | 0 | _aEspañol | |
| 100 | 1 |
_aFlórez Daza, Eduardo _97310 |
|
| 942 | _cARTICULO | ||
| 773 | 1 |
_tCespedesia _3124 _h69 _q37-57 _d1997 _g22 |
|
| 999 |
_c15027 _d15027 |
||